Представление документа в формате RUSMARC

ПолеНазваниеЗначение
  Тип записи a
  Библиографический уровень a
001 Контрольный номер RU/CBS_UL/BASE/38ec3153a23b4931a562e3fa67ee08e9
005 Дата корректировки 20260416170928.5
100 Данные общей обработки __
a Данные общей обработки 20260416 ||| 0rusy0189 ca
101 Язык документа 0_
a Язык текста rus
102 Страна публикации __
a Страна публикации RU
200 Заглавие и сведения об ответственности 1_
a Заглавие Наш свет на шестом этаже
e Сведения, относящиеся к заглавию [легендарной газете "Комсомольская правда" исполнилось 100 лет]
f Первые сведения об ответственности Ю. Лепский
300 Общие примечания __
a Общие примечания 16+
461 Уровень набора _0
1 2000
a Родина
463 Уровень физической единицы _0
1 2000
a № 6
v С. 1 : фот.
1 2101
d 2025
1 001RU/CBS_UL/BASE/c4ea6b36b25c4e4eb05f42ac9c78bf63
606 Тематические рубрики 0_
a Основная рубрика Средства массовой информации - Газеты - СССР - Российская Федерация
610 Ключевые слова 0_
a Ключевые слова СМИ, средства массовой информации, газеты, Комсомольская правда (газеты), юбилеи газет, история журналистики, преемственность поколений, периодическая печать
686 Индексы других классификаций __
2 Код системы rubbk
a Классификационный индекс 76.02
700 Автор _1
a Фамилия Лепский
b Имя (инициалы) Ю.
801 Источник записи _0
a Страна RU
b Организация МБУК ЦБС г. Ульяновска
c Дата составления 20260416
g Правила каталогизации RCR
801 Источник записи _1
a Страна RU
b Организация МБУК ЦБС г. Ульяновска
c Дата составления 20260416
g Правила каталогизации RCR
901 Тип документа __
t Тип документа b
w Контрольный № источника RU/CBS_UL/BASE/c4ea6b36b25c4e4eb05f42ac9c78bf63
909 Создатель записи __
a Создатель записи lib1